| 000 | 00998nam a2200241 a 4500 | ||
|---|---|---|---|
| 001 | 79243 | ||
| 003 | BD-RjUL | ||
| 005 | 20220123121817.0 | ||
| 008 | 220123s2020 bg ||||| |||| 00| 0 ben d | ||
| 020 |
_a9789840760121 _c:Tk.280.00 |
||
| 035 | _a(BD-RjUL)79243 | ||
| 040 |
_aBD-RjUL _beng _cBD-RjUL |
||
| 041 | _aben | ||
| 082 |
_223 _a954.9205092 _bNAN 2020 |
||
| 245 |
_aবঙ্গবন্ধু নানা বর্ণে নানা রেখায় / _cসম্পাদক শামসুজ্জামান খান |
||
| 250 | _aপরিবর্ধিত সং. | ||
| 260 |
_aঢাকা : _bবাংলা একাডেমি, _c২০২০ |
||
| 300 |
_a২৩১ পৃ.: _bচিত্রসমূহ; _c২৩ সেমি. |
||
| 600 |
_aমুজিবুর রহমান, _cশেখ, _d১৯২০-১৯৭৫ |
||
| 600 |
_aMujibur Rahman, _cSheikh, _d1920-1975 |
||
| 700 |
_aখান, শামসুজ্জামান _9867 |
||
| 942 |
_2ddc _cBK |
||
| 999 |
_c79243 _d79243 |
||